| Tag |
First Indicator |
Second Indicator |
Subfields |
| LEADER |
00000cam a22000008a 4500 |
| 001 |
in00000089306 |
| 005 |
20151008063403.0 |
| 008 |
810407s1981 ne a b 00000 eng |
| 010 |
|
|
|a 81003952
|
| 020 |
|
|
|a 044486203X (Elsevier North-Holland)
|
| 035 |
|
|
|a (OCoLC)07462338
|
| 035 |
|
|
|9 AAK2132AM
|
| 039 |
0 |
|
|a 2
|b 3
|c 3
|d 3
|e 3
|
| 040 |
|
|
|a DLC
|c DLC
|d TXA
|d UtOrBLW
|
| 049 |
|
|
|a TXAM
|c 1 [1442228], 2 [A08591484]
|
| 050 |
0 |
0 |
|a T57.85
|b .N467
|
| 082 |
0 |
|
|a 001.4/24
|2 19
|
| 245 |
0 |
0 |
|a Network models and associated applications /
|c edited by D. Klingman and J.M. Mulvey.
|
| 263 |
|
|
|a 8105
|
| 264 |
|
1 |
|a Amsterdam, Netherlands ;
|a New York :
|b North-Holland Pub. Co.,
|c 1981.
|
| 300 |
|
|
|a vii, 176 pages :
|b illustrations ;
|c 24 cm.
|
| 336 |
|
|
|a text
|b txt
|2 rdacontent
|
| 337 |
|
|
|a unmediated
|b n
|2 rdamedia
|
| 338 |
|
|
|a volume
|b nc
|2 rdacarrier
|
| 490 |
1 |
|
|a Mathematical programming study,
|x 0303-3929 ;
|v 15
|
| 500 |
|
|
|a "A publication of the Mathematical Programming Society."
|
| 504 |
|
|
|a Includes bibliographies.
|
| 650 |
|
0 |
|a Network analysis (Planning)
|
| 700 |
1 |
|
|a Mulvey, J. M.
|q (John M.)
|
| 700 |
1 |
|
|a Klingman, D.
|q (Darwin)
|
| 830 |
|
0 |
|a Mathematical programming study ;
|v 15.
|
| 999 |
|
|
|a MARS
|
| 999 |
f |
f |
|s c4f3e5d1-9ebe-3413-8910-7b634a1f85b1
|i c871e618-8155-3fd9-9366-46928a6b70e3
|t 0
|
| 952 |
f |
f |
|p ric
|a Texas A&M University
|b Rellis Campus
|c Joint Library Facility
|d Remote Storage
|t 0
|e T57.85 .N467
|h Library of Congress classification
|i unmediated -- volume
|m A14808591484
|
| 998 |
f |
f |
|a T57.85 .N467
|t 0
|l Remote Storage
|